• 首页
  • 本馆介绍
  • 公告通知
  • 最新文献
  • 馆藏检索
  • 电子资源
  • 读者导购
  • 参考咨询
  • 我的图书馆
  • 登录
  • 详细信息显示
  • 放入我的书架
  • 预约/预借图书
  • 作者相关作品
  • 分类相关作品
  • 丛书相关作品
  • 出版社相关作品

书目信息

  • 表格格式
  • 工作单格式
  • 卡片格式
题名:
怎样做老板才能重视你
    
 
作者: 马里奥 编著
分册:  
出版信息: 北京   地震出版社  2004
页数: 269页
开本: 21cm
丛书名:
单 册:
中图分类: F272.9 , B848.4-49
科图分类:
主题词: 企业管理--人际关系学--通俗读物 , 企业管理 , 人际关系学 , 个性心理学 , 人格心理学
电子资源:
ISBN: 7-5028-2501-0
000 00971nam0 2200289 450
001 1567353357
005 20150123184400.70
010    @a7-5028-2501-0@dCNY22.80
100    @a20040802d2004 em y0chiy50 ea
101 0  @achi
102    @aCN@b110000
105    @aa z 000yy
200 1  @a怎样做老板才能重视你@9zen yang zuo lao ban cai neng zhong shi ni@f马里奥编著
210    @a北京@c地震出版社@d2004
215    @a269页@c图@d21cm
330    @a本书讲述:你的衣着要得体、你的言谈要有分寸、你要真正知道老板想什么、你要了解企业、你要学会了解和推销产品、你要看到老板没有看到的、你要想到老板没有想到的等内容。
510 1  @aHow to Get More Attention of Your Boss@zeng
606 0  @a企业管理@x人际关系学@j通俗读物
606 0  @a企业管理
606 0  @a人际关系学
606 0  @a个性心理学
606 0  @a人格心理学
690    @aF272.9@v5
690    @aB848.4-49@v4
701  0 @a马里奥@9ma li ao@4编著
801  0 @aCN@bTSSF@c20150123
905    @aZUCC@dB848.4-49@eJY240
    
    怎样做老板才能重视你/马里奥编著.-北京:地震出版社,2004
    269页:图;21cm
    
    
    ISBN 7-5028-2501-0:CNY22.80
    本书讲述:你的衣着要得体、你的言谈要有分寸、你要真正知道老板想什么、你要了解企业、你要学会了解和推销产品、你要看到老板没有看到的、你要想到老板没有想到的等内容。
●
相关链接 在E读中查询图书 在五车中查询图书 在当当中查询图书 在豆瓣中查询图书


正题名:怎样做老板才能重视你     索取号:B848.4-49/JY240         预约/预借

序号 登录号 条形码 馆藏地/架位号 状态 备注
1 7843318   278433189   学院路分馆/ [索取号:B848.4-49/JY240] 在馆    
唐山师范学院图书馆 欢迎您!
大连网信软件有限公司© 版权所有